Municipalities in Middlesex County, MA - Statistics

General Stats
  • This quiz has been taken 282 times
  • The average score is 39 of 54
Answers on the Map
Answers color-coded by a green-red scale on the quiz's map according to % correct below.
 
Answer Stats
Population City/Town % Correct
118,403 Cambridge
92%
18,491 Concord
91%
115,554 Lowell
89%
81,045 Somerville
89%
88,923 Newton
88%
34,454 Lexington
86%
35,329 Watertown
85%
72,362 Framingham
84%
37,006 Natick
84%
46,308 Arlington
82%
32,617 Dracut
82%
49,075 Everett
82%
66,263 Malden
82%
65,218 Waltham
82%
59,659 Medford
78%
5,237 Carlisle
77%
40,876 Woburn
77%
36,392 Chelmsford
76%
10,746 Maynard
74%
25,518 Reading
74%
24,021 Acton
73%
18,934 Sudbury
73%
13,943 Wayland
73%
22,970 Winchester
73%
27,295 Belmont
72%
42,119 Billerica
72%
26,377 Burlington
72%
31,342 Tewksbury
72%
10,141 Littleton
70%
29,817 Melrose
70%
15,554 North Reading
70%
8,479 Ayer
69%
14,383 Bedford
69%
3,358 Dunstable
68%
7,014 Lincoln
68%
11,851 Weston
68%
5,506 Boxborough
66%
11,604 Pepperell
66%
12,380 Tyngsborough
66%
27,090 Wakefield
66%
11,315 Groton
65%
20,092 Hudson
64%
24,643 Westford
61%
3,193 Ashby
59%
41,793 Marlborough
59%
7,431 Shirley
59%
23,244 Stoneham
59%
7,174 Stow
59%
23,349 Wilmington
59%
18,758 Hopkinton
57%
9,127 Townsend
55%
14,996 Holliston
54%
18,832 Ashland
53%
4,401 Sherborn
51%
No matching quizzes found
Score Distribution
Percent of People with Each Score
Percentile by Number Answered
Your Score History
You have not taken this quiz